[Event "British Columbia-ch"]
[Site "Victoria CAN"]
[Date "2007.04.09"]
[Round "7.3"]
[White "Moore, Harry"]
[Black "Wu, Howard"]
[Result "1-0"]
[WhiteElo "2300"]
[BlackElo "2225"]
[PlyCount "75"]
[GameId "2160767910701379"]
[EventDate "2007.04.06"]
[EventType "tourn"]
[EventRounds "7"]
[EventCountry "CAN"]

1. e4 c5 2. Nf3 Nc6 3. d4 cxd4 4. Nxd4 g6 5. c4 Bg7 6. Be3 Nf6 7. Nc3 O-O 8. Be2 b6 9. O-O Bb7 10. f3 e6 11. Qd2 d5 12. Nxc6 Bxc6 13. cxd5 exd5 14. e5 Ne8 15. f4 f6 16. Bd4 fxe5 17. fxe5 Nc7 18. Bf3 Qe7 19. Rae1 Rad8 20. Kh1 Ne6 21. Bg1 Qb4 22. a3 Qb3 23. Bd1 Qc4 24. Rxf8+ Bxf8 25. Be2 Qh4 26. Bf3 Bh6 27. Qf2 Qc4 28. Qg3 Bd2 29. Rd1 Bxc3 30. bxc3 Re8 31. Bg4 Nc5 32. Bd4 Ne4 33. Qe3 Ba4 34. Rc1 Re7 35. e6 Bb5 36. Re1 Qd3 37. Qf4 Qd2 38. Rxe4 1-0

[Event "British Columbia-ch"]
[Site "Victoria CAN"]
[Date "2007.04.09"]
[Round "7.4"]
[White "Berry, Jonathan"]
[Black "McLaren, Brian"]
[Result "1/2-1/2"]
[WhiteElo "2305"]
[BlackElo "2244"]
[PlyCount "70"]
[GameId "2160767910701380"]
[EventDate "2007.04.06"]
[EventType "tourn"]
[EventRounds "7"]
[EventCountry "CAN"]

1. d4 d5 2. c4 e6 3. Nc3 c6 4. cxd5 exd5 5. Bf4 Bf5 6. e3 Nf6 7. Be2 Be7 8. Nf3 Nbd7 9. h3 h6 10. O-O O-O 11. Bd3 Bxd3 12. Qxd3 Re8 13. Rab1 a5 14. Rfc1 Bf8 15. Qd1 Ne4 16. Nd2 Bd6 17. Ndxe4 Bxf4 18. exf4 dxe4 19. d5 cxd5 20. Qxd5 Nf6 21. Qxb7 Qd6 22. Rd1 Qxf4 23. Nd5 Nxd5 24. Qxd5 Qe5 25. b3 Rac8 26. Qxe5 Rxe5 27. Rbc1 Rec5 28. Rd8+ Rxd8 29. Rxc5 Rd1+ 30. Kh2 Rd2 31. Rxa5 Rxf2 32. Kg3 e3 33. Re5 Rxa2 34. Rxe3 Rb2 35. Kf3 f5 1/2-1/2

[Event "British Columbia-ch U20"]
[Site "New Westminster CAN"]
[Date "2007.11.10"]
[Round "1.3"]
[White "Zhao, Donovan"]
[Black "Huang, Richard"]
[Result "1-0"]
[WhiteElo "1595"]
[BlackElo "1987"]
[PlyCount "131"]
[GameId "2160767910566134"]
[EventDate "2007.11.10"]
[EventType "swiss"]
[EventRounds "5"]
[EventCountry "CAN"]
[SourceTitle "EXT 2022"]
[Source "ChessBase"]
[SourceDate "2021.10.06"]
[SourceVersion "1"]
[SourceVersionDate "2021.10.06"]
[SourceQuality "1"]

1. e4 c5 2. Nf3 e6 3. d4 cxd4 4. Nxd4 Nc6 5. Nc3 Qc7 6. Be2 a6 7. f4 d6 8. O-O Nf6 9. Nb3 Be7 10. Be3 b5 11. a3 Bb7 12. Bf3 O-O 13. Qe2 Rac8 14. Rac1 Qb8 15. Rfd1 Qa8 16. Bf2 Rfd8 17. Rd2 Nd7 18. Rcd1 Nc5 19. Nxc5 dxc5 20. Rxd8+ Rxd8 21. Rxd8+ Qxd8 22. g3 Nd4 23. Bxd4 cxd4 24. Nd1 Qc7 25. Qd3 Qc4 26. Kf2 Bc5 27. Ke2 Bb6 28. b3 Qc5 29. b4 Qc4 30. Qxc4 bxc4 31. Nb2 d3+ 32. cxd3 c3 33. Na4 Bd4 34. Kd1 Bc6 35. Nc5 Bg1 36. h3 Bh2 37. g4 Bxf4 38. Kc2 Be5 39. Bd1 Kf8 40. Kb3 Ke7 41. Nxa6 f5 42. Bc2 f4 43. Bd1 f3 44. Nc5 f2 45. Be2 Bd4 46. a4 e5 47. a5 Kd6 48. a6 Kc7 49. Kc2 Kb6 50. Kb3 Be8 51. Bf1 h5 52. Kc2 hxg4 53. hxg4 Bc6 54. Kb3 Ba8 55. Be2 Bxc5 56. bxc5+ Kxc5 57. Kxc3 g5 58. Kd2 Bc6 59. Ke3 Bb5 60. a7 Bc6 61. Kxf2 Kb6 62. Ke3 Kxa7 63. d4 exd4+ 64. Kxd4 Kb6 65. Bf3 Kc7 66. Ke5 1-0

[Event "British Columbia-ch U20"]
[Site "New Westminster CAN"]
[Date "2007.11.10"]
[Round "1.7"]
[White "Awatramani, Janak"]
[Black "Botez, Alexandra"]
[Result "1/2-1/2"]
[WhiteElo "1440"]
[BlackElo "1840"]
[PlyCount "134"]
[GameId "2160767910566135"]
[EventDate "2007.11.10"]
[EventType "swiss"]
[EventRounds "5"]
[EventCountry "CAN"]
[SourceTitle "EXT 2022"]
[Source "ChessBase"]
[SourceDate "2021.10.06"]
[SourceVersion "1"]
[SourceVersionDate "2021.10.06"]
[SourceQuality "1"]

1. g3 f5 2. Bg2 g6 3. d3 Nf6 4. Nc3 d6 5. Bg5 Bg7 6. Qd2 O-O 7. O-O-O c6 8. Bxf6 Bxf6 9. d4 Nd7 10. h4 Kf7 11. h5 Rh8 12. e4 Nb6 13. b3 e6 14. f4 d5 15. e5 Be7 16. Nf3 Bd7 17. Rh2 Qc7 18. Rdh1 Rhg8 19. hxg6+ hxg6 20. Rh7+ Rg7 21. Rxg7+ Kxg7 22. Bf1 Rh8 23. Rxh8 Kxh8 24. Bh3 Bb4 25. Qd3 Kg7 26. g4 fxg4 27. Bxg4 Be7 28. Ng5 Bxg5 29. fxg5 Qd8 30. Qe3 Nc8 31. Qf4 Qg8 32. Qf6+ Kh7 33. Ne2 Qg7 34. Nf4 Qxf6 35. exf6 Nd6 36. Bxe6 Bxe6 37. Nxe6 Kg8 38. Nf4 Kf7 39. a4 Ne4 40. Nh3 Ke6 41. Kd1 Nd6 42. Ke2 Kf5 43. Kf3 a5 44. c4 dxc4 45. bxc4 c5 46. dxc5 Nxc4 47. Kg3 Ne5 48. Nf2 Kxg5 49. Ne4+ Kf5 50. Nd6+ Kxf6 51. Nxb7 Nc6 52. Kf4 g5+ 53. Kg4 Kg6 54. Nd6 Ne5+ 55. Kg3 Kh5 56. Nf5 Nc6 57. Nd6 g4 58. Nc4 Kg5 59. Ne3 Ne5 60. Nc2 Kf5 61. Nd4+ Kf6 62. c6 Ke7 63. Kf4 Nd3+ 64. Kxg4 Nc5 65. c7 Kd7 66. Nc6 Kxc7 67. Nxa5 Nxa4 1/2-1/2

[Event "British Columbia-ch U20"]
[Site "New Westminster CAN"]
[Date "2007.11.10"]
[Round "2.3"]
[White "Han, Yifei"]
[Black "Zhao, Donovan"]
[Result "1/2-1/2"]
[WhiteElo "1880"]
[BlackElo "1595"]
[PlyCount "94"]
[GameId "2160767910566136"]
[EventDate "2007.11.10"]
[EventType "swiss"]
[EventRounds "5"]
[EventCountry "CAN"]
[SourceTitle "EXT 2022"]
[Source "ChessBase"]
[SourceDate "2021.10.06"]
[SourceVersion "1"]
[SourceVersionDate "2021.10.06"]
[SourceQuality "1"]

1. e4 d6 2. d4 Nf6 3. Nc3 g6 4. Nf3 Bg7 5. Be3 Bg4 6. Be2 Nc6 7. h3 Bxf3 8. Bxf3 e5 9. d5 Ne7 10. Ne2 O-O 11. c4 Nd7 12. b4 f5 13. Bg5 Bf6 14. Bxf6 Nxf6 15. Nc3 fxe4 16. Bxe4 Nxe4 17. Nxe4 Nf5 18. c5 a5 19. cxd6 cxd6 20. b5 Nd4 21. a4 Rc8 22. Rc1 Qh4 23. g4 Rxc1 24. Qxc1 Nf3+ 25. Kf1 Qe7 26. Qa3 Qf7 27. Qe3 Qe7 28. g5 Nh4 29. Nf6+ Kg7 30. Qe4 Nf5 31. h4 Qc7 32. Kg2 h6 33. h5 hxg5 34. Ng4 gxh5 35. Rxh5 Kg6 36. Rh6+ Kg7 37. Re6 Nh4+ 38. Kh2 Rf4 39. Qe2 Qf7 40. Rxd6 Rxg4 41. Qxg4 Qxf2+ 42. Kh3 Qf1+ 43. Kh2 Qf2+ 44. Kh1 Qf1+ 45. Qg1 Qh3+ 46. Qh2 Qf1+ 47. Qg1 Qh3+ 1/2-1/2

[Event "British Columbia-ch U20"]
[Site "New Westminster CAN"]
[Date "2007.11.11"]
[Round "3.2"]
[White "Tom, Foster"]
[Black "Han, Yifei"]
[Result "1-0"]
[WhiteElo "1559"]
[BlackElo "1880"]
[PlyCount "91"]
[GameId "2160767910566138"]
[EventDate "2007.11.10"]
[EventType "swiss"]
[EventRounds "5"]
[EventCountry "CAN"]
[SourceTitle "EXT 2022"]
[Source "ChessBase"]
[SourceDate "2021.10.06"]
[SourceVersion "1"]
[SourceVersionDate "2021.10.06"]
[SourceQuality "1"]

1. d4 d5 2. c4 e6 3. Nc3 Nf6 4. Bg5 Be7 5. Nf3 h6 6. Bh4 O-O 7. e3 b6 8. Be2 Bb7 9. cxd5 Nxd5 10. Bxe7 Qxe7 11. O-O Nd7 12. Nxd5 exd5 13. Rc1 c5 14. Bb5 c4 15. b3 Nf6 16. bxc4 a6 17. Ba4 dxc4 18. Ne5 b5 19. Bc2 Rfe8 20. a4 Nd7 21. f4 Nxe5 22. fxe5 Qg5 23. Qe2 Rad8 24. Rf5 Qe7 25. Rcf1 Bd5 26. Qh5 Be6 27. Rf6 Qf8 28. Rxh6 gxh6 29. Rf6 Qg7 30. Rxh6 Bd5 31. g3 Bf3 32. Qh4 Rb8 33. Rh7 Ba8 34. Rxg7+ Kxg7 35. Qf6+ Kg8 36. Qxa6 Re6 37. Qa7 Reb6 38. axb5 Rxb5 39. Qe7 Rb2 40. e6 fxe6 41. Qxe6+ Kg7 42. Qe7+ Kg8 43. Bh7+ Kh8 44. Bg6 Rg2+ 45. Kf1 Rxh2 46. Qe5+ 1-0

[Event "British Columbia-ch U20"]
[Site "New Westminster CAN"]
[Date "2007.11.11"]
[Round "3.3"]
[White "Li, Changhe"]
[Black "Zhao, Donovan"]
[Result "1-0"]
[WhiteElo "1824"]
[BlackElo "1595"]
[PlyCount "45"]
[GameId "2160767910566139"]
[EventDate "2007.11.10"]
[EventType "swiss"]
[EventRounds "5"]
[EventCountry "CAN"]
[SourceTitle "EXT 2022"]
[Source "ChessBase"]
[SourceDate "2021.10.06"]
[SourceVersion "1"]
[SourceVersionDate "2021.10.06"]
[SourceQuality "1"]

1. e4 d6 2. d4 Nf6 3. Nc3 g6 4. f3 c6 5. Be3 b5 6. Qd2 a6 7. Nge2 Nbd7 8. g4 Bb7 9. Ng3 h5 10. g5 Nh7 11. h4 Qc7 12. Qf2 O-O-O 13. O-O-O Bg7 14. Bh3 Kb8 15. Rhe1 Nb6 16. Bf1 Nf8 17. f4 Nfd7 18. e5 Rhe8 19. exd6 exd6 20. f5 d5 21. Bf4 Rxe1 22. Bxc7+ Kxc7 23. Rxe1 1-0

[Event "British Columbia-ch U20"]
[Site "New Westminster CAN"]
[Date "2007.11.11"]
[Round "3.6"]
[White "Tardos, Jakab"]
[Black "Botez, Alexandra"]
[Result "0-1"]
[WhiteElo "1467"]
[BlackElo "1840"]
[PlyCount "73"]
[GameId "2160767910566140"]
[EventDate "2007.11.10"]
[EventType "swiss"]
[EventRounds "5"]
[EventCountry "CAN"]
[SourceTitle "EXT 2022"]
[Source "ChessBase"]
[SourceDate "2021.10.06"]
[SourceVersion "1"]
[SourceVersionDate "2021.10.06"]
[SourceQuality "1"]

1. e4 e6 2. d4 d5 3. exd5 exd5 4. Bd3 Nf6 5. Nf3 Be7 6. O-O O-O 7. Bf4 Bg4 8. Nbd2 Nc6 9. c3 h6 10. Re1 Nh5 11. Bg3 Nxg3 12. hxg3 Bg5 13. Qc2 Bxd2 14. Nxd2 Qg5 15. Nf3 Bxf3 16. gxf3 f5 17. Qc1 f4 18. Kg2 Rf6 19. b4 a6 20. a4 Qh5 21. Rh1 Qf7 22. g4 g5 23. Qd2 Ne7 24. Rae1 Ng6 25. Bxg6 Rxg6 26. Re5 Re8 27. Rhe1 Rge6 28. Qc2 Rxe5 29. Rxe5 Rxe5 30. dxe5 Qe6 31. Qf5 Qxf5 32. gxf5 a5 33. Kf1 axb4 34. cxb4 c6 35. e6 Kg7 36. e7 Kf7 37. f6 0-1

[Event "British Columbia-ch U20"]
[Site "New Westminster CAN"]
[Date "2007.11.11"]
[Round "3.7"]
[White "Awatramani, Janak"]
[Black "Milner, Arie"]
[Result "1/2-1/2"]
[WhiteElo "1440"]
[BlackElo "1928"]
[PlyCount "72"]
[GameId "2160767910566141"]
[EventDate "2007.11.10"]
[EventType "swiss"]
[EventRounds "5"]
[EventCountry "CAN"]
[SourceTitle "EXT 2022"]
[Source "ChessBase"]
[SourceDate "2021.10.06"]
[SourceVersion "1"]
[SourceVersionDate "2021.10.06"]
[SourceQuality "1"]

1. g3 d5 2. Bg2 c6 3. d3 Nf6 4. Nc3 e6 5. e4 Nbd7 6. f4 Bb4 7. Bd2 Nc5 8. e5 Nfd7 9. d4 Bxc3 10. Bxc3 Na4 11. Ne2 Nxc3 12. bxc3 Nb6 13. O-O Nc4 14. Rf3 b6 15. Nc1 Ba6 16. Nd3 O-O 17. Bh3 Bc8 18. Qe2 Qe7 19. Kh1 c5 20. g4 cxd4 21. cxd4 f5 22. gxf5 exf5 23. Rg1 Nd6 24. Rfg3 Rf7 25. Bg2 Ne4 26. Bxe4 dxe4 27. Nf2 Bb7 28. Re3 Rc8 29. c3 Bd5 30. Nh3 Qa3 31. c4 Qa4 32. cxd5 Rc2 33. Qe1 Qxa2 34. Qg3 Qxd5 35. Ng5 Rfc7 36. Nxh7 Rxh2+ 1/2-1/2

[Event "British Columbia-ch U20"]
[Site "New Westminster CAN"]
[Date "2007.11.11"]
[Round "4.3"]
[White "Botez, Alexandra"]
[Black "Han, Yiming"]
[Result "1-0"]
[WhiteElo "1840"]
[BlackElo "1999"]
[PlyCount "105"]
[GameId "2160767910566142"]
[EventDate "2007.11.10"]
[EventType "swiss"]
[EventRounds "5"]
[EventCountry "CAN"]
[SourceTitle "EXT 2022"]
[Source "ChessBase"]
[SourceDate "2021.10.06"]
[SourceVersion "1"]
[SourceVersionDate "2021.10.06"]
[SourceQuality "1"]

1. d4 d5 2. c4 e6 3. Nc3 Nf6 4. Nf3 Be7 5. Bf4 O-O 6. e3 b6 7. Be2 Bb7 8. O-O Nbd7 9. Ne5 c5 10. cxd5 Nxd5 11. Nxd5 Bxd5 12. Nxd7 Qxd7 13. dxc5 Qb7 14. Bf3 Bxf3 15. Qxf3 Qxf3 16. gxf3 Bxc5 17. Rfd1 f6 18. Bd6 Bxd6 19. Rxd6 e5 20. Rad1 Rfc8 21. R1d2 Kf7 22. Rd7+ Kg6 23. Re7 Rc1+ 24. Kg2 Ra1 25. a3 h5 26. Rdd7 Rg8 27. Rxa7 Kh6 28. Rab7 g5 29. Rxb6 Kg6 30. Rxe5 Rd8 31. Ree6 Rf8 32. e4 Rb1 33. e5 Kf5 34. Rxf6+ Rxf6 35. exf6 Kg6 36. a4 Ra1 37. Ra6 Rb1 38. Rb6 Ra1 39. b3 Ra3 40. Kf1 Ra1+ 41. Ke2 Ra2+ 42. Ke3 Ra3 43. f4 gxf4+ 44. Kxf4 Ra2 45. Kg3 Rc2 46. a5 Ra2 47. a6 h4+ 48. Kxh4 Rxf2 49. Kg3 Ra2 50. h4 Rc2 51. Rb4 Kxf6 52. a7 Rc8 53. Rb8 1-0

[Event "British Columbia-ch U20"]
[Site "New Westminster CAN"]
[Date "2007.11.11"]
[Round "4.4"]
[White "Huang, Richard"]
[Black "Han, Yifei"]
[Result "1-0"]
[WhiteElo "1987"]
[BlackElo "1880"]
[PlyCount "89"]
[GameId "2160767910566143"]
[EventDate "2007.11.10"]
[EventType "swiss"]
[EventRounds "5"]
[EventCountry "CAN"]
[SourceTitle "EXT 2022"]
[Source "ChessBase"]
[SourceDate "2021.10.06"]
[SourceVersion "1"]
[SourceVersionDate "2021.10.06"]
[SourceQuality "1"]

1. Nf3 d5 2. c4 e6 3. g3 Nf6 4. Bg2 Be7 5. O-O O-O 6. b3 c5 7. Bb2 Nbd7 8. d3 d4 9. e3 e5 10. exd4 exd4 11. Nbd2 Re8 12. Re1 Bd6 13. Qc2 Nf8 14. Rxe8 Qxe8 15. Re1 Qd8 16. b4 Bf5 17. bxc5 Bxc5 18. Nb3 Ne6 19. Rxe6 fxe6 20. Nxc5 Qc7 21. Bxd4 Rd8 22. Nb3 Nd5 23. Qd2 Nb6 24. Qe3 Nc8 25. Nh4 Ne7 26. Nxf5 exf5 27. f4 Qd7 28. Qe5 Ng6 29. Qd5+ Qxd5 30. Bxd5+ Kh8 31. Bxb7 Nf8 32. Bd5 h6 33. Bxa7 Ng6 34. Bc5 Kh7 35. Kf2 h5 36. Ke3 h4 37. Kd2 hxg3 38. hxg3 Nf8 39. a4 Nd7 40. a5 Nf6 41. a6 Nxd5 42. cxd5 Rxd5 43. a7 Rd8 44. Nd4 Kg6 45. Ne6 1-0

[Event "British Columbia-ch U20"]
[Site "New Westminster CAN"]
[Date "2007.11.11"]
[Round "4.5"]
[White "Zhao, Donovan"]
[Black "Sohal, Tanraj"]
[Result "0-1"]
[WhiteElo "1595"]
[BlackElo "1794"]
[PlyCount "34"]
[GameId "2160767910566144"]
[EventDate "2007.11.10"]
[EventType "swiss"]
[EventRounds "5"]
[EventCountry "CAN"]
[SourceTitle "EXT 2022"]
[Source "ChessBase"]
[SourceDate "2021.10.06"]
[SourceVersion "1"]
[SourceVersionDate "2021.10.06"]
[SourceQuality "1"]

1. e4 c5 2. Nf3 Nc6 3. d4 cxd4 4. Nxd4 Nf6 5. Nc3 e6 6. Be2 Bb4 7. Bg5 Qa5 8. Bxf6 Bxc3+ 9. bxc3 Qxc3+ 10. Kf1 gxf6 11. Nb5 Qe5 12. f3 O-O 13. Nd6 Nd4 14. Nc4 Qc5 15. g3 b6 16. Kg2 Nxe2 17. Qxe2 Ba6 0-1

[Event "British Columbia-ch U20"]
[Site "New Westminster CAN"]
[Date "2007.11.12"]
[Round "5.3"]
[White "Sohal, Tanraj"]
[Black "Botez, Alexandra"]
[Result "1-0"]
[WhiteElo "1794"]
[BlackElo "1840"]
[PlyCount "114"]
[GameId "2160767910566146"]
[EventDate "2007.11.10"]
[EventType "swiss"]
[EventRounds "5"]
[EventCountry "CAN"]
[SourceTitle "EXT 2022"]
[Source "ChessBase"]
[SourceDate "2021.10.06"]
[SourceVersion "1"]
[SourceVersionDate "2021.10.06"]
[SourceQuality "1"]

1. d4 f5 2. c4 Nf6 3. Nf3 g6 4. Nc3 Bg7 5. Bf4 d6 6. e3 O-O 7. Be2 Nh5 8. Bg3 a6 9. Qb3 Qe8 10. Nd5 Qd8 11. Nd2 Nf6 12. Bf3 Nc6 13. c5 Kh8 14. Nxf6 Bxf6 15. Qc3 Re8 16. Bxc6 bxc6 17. cxd6 exd6 18. Qxc6 Bd7 19. Qc3 c5 20. O-O cxd4 21. exd4 Bb5 22. Rfe1 Qb6 23. Rxe8+ Rxe8 24. Nb3 Ba4 25. h3 Bxb3 26. Qxb3 Qxd4 27. Rd1 Qxb2 28. Qxb2 Bxb2 29. Rxd6 Ra8 30. Rb6 Bc3 31. Rc6 Bg7 32. Kf1 Kg8 33. a3 Ra7 34. Ke2 Kf7 35. Kd3 a5 36. Rc7+ Rxc7 37. Bxc7 Bf8 38. a4 Bc5 39. f3 Ke6 40. Bxa5 Kd5 41. Bd8 Kc6 42. a5 h6 43. Bb6 Bd6 44. Kc4 g5 45. Be3 Be7 46. a6 h5 47. a7 Kb7 48. Kd5 g4 49. Ke6 gxh3 50. gxh3 Bh4 51. Kxf5 Bg3 52. Kg5 h4 53. f4 Be1 54. f5 Ka8 55. f6 Bb4 56. Kxh4 Bf8 57. Kg5 Bd6 1-0

[Event "British Columbia-ch U20"]
[Site "New Westminster CAN"]
[Date "2007.11.12"]
[Round "5.4"]
[White "Tom, Foster"]
[Black "Lai, Peter"]
[Result "1-0"]
[WhiteElo "1559"]
[BlackElo "1616"]
[PlyCount "123"]
[GameId "2160767910566147"]
[EventDate "2007.11.10"]
[EventType "swiss"]
[EventRounds "5"]
[EventCountry "CAN"]
[SourceTitle "EXT 2022"]
[Source "ChessBase"]
[SourceDate "2021.10.06"]
[SourceVersion "1"]
[SourceVersionDate "2021.10.06"]
[SourceQuality "1"]

1. d4 f5 2. c4 Nf6 3. Nc3 e6 4. Bg5 Be7 5. Nf3 O-O 6. e3 d5 7. Bd3 c6 8. O-O Nbd7 9. cxd5 Nxd5 10. Bxe7 Qxe7 11. Qc2 Nb4 12. Qd2 Nxd3 13. Qxd3 Nf6 14. Rac1 Bd7 15. Ne5 Be8 16. Na4 Rd8 17. Qb3 Nd5 18. Nc5 Rf6 19. Qxb7 Qxb7 20. Nxb7 Rb8 21. Nd6 Bh5 22. Rxc6 Rd8 23. Rc8 Rff8 24. Rxd8 Rxd8 25. Rc1 Kf8 26. Rc8 Rxc8 27. Nxc8 a6 28. Nd3 Be2 29. Nf4 Nxf4 30. exf4 Ke8 31. Nd6+ Kd7 32. Nb7 Kc6 33. Nc5 Kd5 34. f3 Bc4 35. b3 Kxd4 36. Nd7 Bd3 37. Nf8 Kd5 38. Nxh7 Bb1 39. a3 Ba2 40. b4 Kc4 41. Nf8 Kb5 42. Nd7 Ka4 43. Nc5+ Kxa3 44. Nxa6 Bc4 45. Nc7 Kxb4 46. Ne8 g6 47. g4 Kc5 48. h4 Kc6 49. h5 gxh5 50. gxh5 e5 51. h6 Bf7 52. h7 Bxe8 53. h8=Q exf4 54. Qxe8+ Kd5 55. Kf2 Kd4 56. Ke2 Kd5 57. Kd3 Kc5 58. Qe5+ Kc6 59. Kc4 Kd7 60. Kc5 Kd8 61. Kc6 Kc8 62. Qh8# 1-0

[Event "British Columbia-ch U20"]
[Site "New Westminster CAN"]
[Date "2007.11.12"]
[Round "5.5"]
[White "Han, Yiming"]
[Black "Herringer, Moise"]
[Result "1-0"]
[WhiteElo "1999"]
[BlackElo "1499"]
[PlyCount "61"]
[GameId "2160767910566148"]
[EventDate "2007.11.10"]
[EventType "swiss"]
[EventRounds "5"]
[EventCountry "CAN"]
[SourceTitle "EXT 2022"]
[Source "ChessBase"]
[SourceDate "2021.10.06"]
[SourceVersion "1"]
[SourceVersionDate "2021.10.06"]
[SourceQuality "1"]

1. e4 c5 2. Nf3 e6 3. d4 cxd4 4. Nxd4 Nc6 5. Nc3 Nge7 6. Be3 Nxd4 7. Qxd4 Nc6 8. Qd2 Be7 9. O-O-O O-O 10. f4 a6 11. g4 f5 12. gxf5 exf5 13. Rg1 d6 14. Qg2 g6 15. exf5 Bxf5 16. Qd5+ Kh8 17. Bd3 Bxd3 18. Qxd3 Bf6 19. Nd5 Bg7 20. Bb6 Qh4 21. Rdf1 Rae8 22. f5 Rxf5 23. Rxf5 Re1+ 24. Kd2 Rxg1 25. Bxg1 gxf5 26. Qxf5 Qd8 27. Kc1 Qe8 28. Bf2 Bd4 29. Bxd4+ Nxd4 30. Qf6+ Kg8 31. Ne7+ 1-0

[Event "British Columbia-ch U20"]
[Site "New Westminster CAN"]
[Date "2007.11.12"]
[Round "5.6"]
[White "Milner, Arie"]
[Black "Zhao, Donovan"]
[Result "1-0"]
[WhiteElo "1928"]
[BlackElo "1595"]
[PlyCount "53"]
[GameId "2160767910566149"]
[EventDate "2007.11.10"]
[EventType "swiss"]
[EventRounds "5"]
[EventCountry "CAN"]
[SourceTitle "EXT 2022"]
[Source "ChessBase"]
[SourceDate "2021.10.06"]
[SourceVersion "1"]
[SourceVersionDate "2021.10.06"]
[SourceQuality "1"]

1. e4 d6 2. d4 Nf6 3. Nc3 g6 4. Bc4 Bg7 5. Nf3 Bg4 6. O-O Nc6 7. Be3 O-O 8. h3 Bxf3 9. gxf3 e5 10. dxe5 dxe5 11. Nd5 Nxd5 12. Bxd5 Qd7 13. Kh2 Rad8 14. Qe2 Kh8 15. Bc5 Rfe8 16. Qc4 Rf8 17. Bxf8 Rxf8 18. Bxc6 bxc6 19. Rad1 Qe8 20. Rd2 Bh6 21. Rd3 Bf4+ 22. Kg2 Qe7 23. Rfd1 Qg5+ 24. Kf1 Qh4 25. Ke2 Qxh3 26. Qxc6 Qc8 27. Qf6+ 1-0

[Event "British Columbia-ch U20"]
[Site "New Westminster CAN"]
[Date "2007.11.12"]
[Round "5.7"]
[White "Han, Yifei"]
[Black "Tardos, Jakab"]
[Result "1-0"]
[WhiteElo "1880"]
[BlackElo "1467"]
[PlyCount "79"]
[GameId "2160767910566150"]
[EventDate "2007.11.10"]
[EventType "swiss"]
[EventRounds "5"]
[EventCountry "CAN"]
[SourceTitle "EXT 2022"]
[Source "ChessBase"]
[SourceDate "2021.10.06"]
[SourceVersion "1"]
[SourceVersionDate "2021.10.06"]
[SourceQuality "1"]

1. e4 e5 2. Nf3 Nc6 3. Bb5 a6 4. Ba4 Bc5 5. O-O d6 6. c3 Bg4 7. h3 h5 8. d4 Bxf3 9. Qxf3 exd4 10. b4 Bb6 11. Bb2 a5 12. bxa5 Rxa5 13. Bb3 Qf6 14. Qd3 Rg5 15. Kh1 dxc3 16. Bxc3 Bd4 17. f4 Rc5 18. e5 dxe5 19. fxe5 Qxe5 20. Re1 Qxe1+ 21. Bxe1 Bxa1 22. Nc3 Nf6 23. Qe3+ Re5 24. Qc1 Bb2 25. Qd2 O-O 26. Bh4 Bxc3 27. Qxc3 Ne4 28. Qb2 g5 29. Be1 Nc5 30. Bc3 Re3 31. Bh8 Ne5 32. Bxe5 Nd3 33. Qd2 Rxe5 34. Qxd3 Rc5 35. Qe3 b6 36. Qe4 Kg7 37. Bc2 Rh8 38. Qd4+ f6 39. Qd7+ Kf8 40. Bg6 1-0

[Event "CAN-ch"]
[Site "Kitchener CAN"]
[Date "2007.08.01"]
[Round "1"]
[White "Bailey, Doug"]
[Black "Chung, Kevin"]
[Result "1-0"]
[WhiteElo "2274"]
[BlackElo "2217"]
[PlyCount "67"]
[GameId "2160767910579986"]
[EventDate "2007.08.01"]
[EventType "swiss"]
[EventRounds "9"]
[EventCountry "CAN"]
[SourceTitle "EXT 2022"]
[Source "ChessBase"]
[SourceDate "2021.10.06"]
[SourceVersion "1"]
[SourceVersionDate "2021.10.06"]
[SourceQuality "1"]

1. e4 e6 2. d4 d5 3. Nc3 Bb4 4. e5 c5 5. a3 Bxc3+ 6. bxc3 Ne7 7. a4 Qa5 8. Qd2 Nbc6 9. Nf3 f6 10. exf6 gxf6 11. Ba3 cxd4 12. Nxd4 a6 13. Be2 Bd7 14. O-O O-O-O 15. Nb5 Nf5 16. Bb4 Nxb4 17. cxb4 Qb6 18. a5 Qxb5 19. Bxb5 Bxb5 20. Qc3+ Kb8 21. Qxf6 Bxf1 22. Qe5+ Nd6 23. Kxf1 Rhe8 24. b5 axb5 25. a6 b6 26. Qg7 h5 27. Re1 Rc8 28. Qd7 Red8 29. Qxe6 Rxc2 30. Qxd5 Rc7 31. Qxh5 Ka7 32. Rd1 Rcd7 33. Qd5 b4 34. Qc6 1-0

[Event "CAN-ch"]
[Site "Kitchener CAN"]
[Date "2007.08.01"]
[Round "1"]
[White "Gentes, Kevin"]
[Black "Jung, Hans"]
[Result "1/2-1/2"]
[WhiteElo "2307"]
[BlackElo "2185"]
[PlyCount "59"]
[GameId "2160767910579988"]
[EventDate "2007.08.01"]
[EventType "swiss"]
[EventRounds "9"]
[EventCountry "CAN"]
[SourceTitle "EXT 2022"]
[Source "ChessBase"]
[SourceDate "2021.10.06"]
[SourceVersion "1"]
[SourceVersionDate "2021.10.06"]
[SourceQuality "1"]

1. c4 c5 2. g3 Nc6 3. Bg2 g6 4. e3 Bg7 5. Ne2 e5 6. Nbc3 d6 7. a3 Nge7 8. O-O Be6 9. Nd5 O-O 10. Rb1 a5 11. b3 Rb8 12. Nec3 Qd7 13. Nb6 Qd8 14. Nbd5 Qd7 15. f4 b6 16. Bb2 Bh3 17. Ne4 Nxd5 18. Bxh3 Qxh3 19. cxd5 Ne7 20. Qf3 Qd7 21. fxe5 dxe5 22. Nf6+ Bxf6 23. Qxf6 Nxd5 24. Qxe5 f6 25. Qe4 Rbe8 26. Qc4 Qe6 27. Rbe1 Qe4 28. Qb5 Qc2 29. Qc4 Qxb2 30. Qxd5+ 1/2-1/2

[Event "CAN-ch"]
[Site "Kitchener CAN"]
[Date "2007.08.01"]
[Round "1"]
[White "Inigo, Aquino"]
[Black "Mayo, Alvah"]
[Result "1-0"]
[WhiteElo "1852"]
[BlackElo "2110"]
[PlyCount "69"]
[GameId "2160767910579991"]
[EventDate "2007.08.01"]
[EventType "swiss"]
[EventRounds "9"]
[EventCountry "CAN"]
[SourceTitle "EXT 2022"]
[Source "ChessBase"]
[SourceDate "2021.10.06"]
[SourceVersion "1"]
[SourceVersionDate "2021.10.06"]
[SourceQuality "1"]

1. d4 g6 2. c4 Bg7 3. Nc3 c5 4. e3 Nc6 5. Nf3 d6 6. Be2 Bg4 7. d5 Bxc3+ 8. bxc3 Bxf3 9. Bxf3 Ne5 10. Be2 Qa5 11. Qb3 Nf6 12. f4 Ned7 13. Bd3 Nb6 14. e4 Nfd7 15. O-O O-O-O 16. Bd2 Qa6 17. Rae1 e6 18. Re3 exd5 19. exd5 Rhe8 20. Rfe1 Nf6 21. h3 Kd7 22. f5 Rxe3 23. Rxe3 Re8 24. fxg6 hxg6 25. Rf3 Ne4 26. Rxf7+ Kc8 27. Bf4 g5 28. Bxe4 Rxe4 29. Bxg5 Nxc4 30. Rf8+ Kd7 31. Qb1 Re7 32. Bxe7 Kxe7 33. Qf5 Ne5 34. Qf6+ Kd7 35. Qd8# 1-0